书目信息 |
| 题名: |
光学测量
|
|
| 作者: | ;机械工业部仪器仪表工业局 统编 | |
| 分册: | ||
| 出版信息: | 北京 机械工业出版社 1985 |
|
| 页数: | 306页 | |
| 开本: | 19cm | |
| 丛书名: | ||
| 单 册: | ||
| 中图分类: | TH741 | |
| 科图分类: | ||
| 主题词: | 光学仪器 | |
| 电子资源: | ||
| ISBN: | ||
| 000 | 00710nam0 2200229 45 | |
| 001 | 0185011539 | |
| 005 | 20060322150029.53 | |
| 010 | @dCNY1.90 | |
| 091 | @a15033.5776 | |
| 100 | @a19960215d1985 em y0chiy0121 ea | |
| 101 | 0 | @achi |
| 102 | @aCN@b110000 | |
| 105 | @ay z 000yy | |
| 200 | 10 | @a光学测量@Aguang xue ce liang@f机械工业部仪器仪表工业局统编@Fji xie gong ye bu yi qi yi biao gong ye ju tong bian |
| 210 | @a北京@c机械工业出版社@d1985 | |
| 215 | @a306页@d19cm | |
| 300 | @a仪器仪表工人技术培训教材 | |
| 606 | 0 | @a光学仪器 |
| 690 | @aTH741 | |
| 711 | 02 | @a机械工业部仪器仪表工业局@Aji xie gong ye bu yi qi yi biao gong ye ju@4统编 |
| 801 | 0 | @aCN@bNLC@c20060322 |
| 905 | @f1@b149152@dTH741@e15 | |
| 光学测量/机械工业部仪器仪表工业局统编.-北京:机械工业出版社,1985 |
| 306页;19cm |
| 仪器仪表工人技术培训教材 |
| ISBN :CNY1.90 |
| ● |
| 相关链接 |
|
|
|
|
正题名:光学测量
索取号:TH741/15
 
预约/预借
| 序号 | 登录号 | 条形码 | 馆藏地/架位号 | 状态 | 备注 |
| 1 | 0149152 | 001365775 | 第三借阅区/ [索取号:TH741/15] | 在馆 | |
| 2 | 0149153 | 202217485 | 密集书库/ [索取号:TH741/15] | 在馆 | |
| 3 | 0149154 | 001365739 | 第二样本阅览室/ [索取号:TH741/15] | 在馆 |